| 000 | 00367nam a2200145Ia 4500 | ||
|---|---|---|---|
| 008 | 230917s9999||||xx |||||||||||||| ||und|| | ||
| 040 |
_e132261 _aMAIN |
||
| 041 | _aEnglish | ||
| 082 | _a355.00954 K143B | ||
| 100 | _aKapur, B D | ||
| 245 | 0 | _aBuilding a defence technology base | |
| 260 |
_aNew Delhi _bLancer International _c1990 |
||
| 300 | _a198 p. | ||
| 942 | _cBK | ||
| 999 |
_c69343 _d69343 |
||